[Event "DMP Ekstraliga 2020"]
[Site "Krakow"]
[Date "2020.09.03"]
[Round "9.23"]
[White "Sadzikowski, Daniel"]
[Black "Jakubowski, Krzysztof"]
[Result "1/2-1/2"]
[WhiteElo "2522"]
[BlackElo "2481"]
[Annotator "TA"]
[PlyCount "102"]
[EventDate "2020.08.26"]
[EventType "team-tourn"]
[EventCountry "POL"]
[SourceTitle "playchess.com"]
[Source "ChessBase"]
[SourceQuality "1"]
[WhiteTeam "HETMAN Katowice"]
[BlackTeam "Silesia Raciborz"]

{[%evp 14,102,24,22,18,34,30,20,27,18,33,12,22,22,18,11,16,-8,-8,-12,0,0,19,17,27,9,63,47,53,54,93,27,27,23,23,0,23,0,23,0,23,-7,-7,-7,-7,-8,0,0,0,0,0,0,0,0,22,0,77,76,70,62,53,60,68,40,63,46,95,94,166,82,85,16,42,33,199,185,200,188,186,141,131,0,0,0,0,0,0,0,0,0,0]} 1. d4 Nf6 2. c4 e6 3. Nf3 d5 4. Nc3 Nbd7 5. Bf4 dxc4 6. e3 Nd5 7. Bxc4 Nxf4 8. exf4 Nb6 $1 {The main line 8...Nb6 scores better than 8...Bd6. D37: Queen's Gambit Declined: 5 Bf4.} 9. Bb3 g6 10. O-O Bg7 {[#]} 11. g3 $146 ({Predecessor:} 11. Re1 O-O 12. Qd3 a5 13. a3 c5 14. Rad1 cxd4 15. Nxd4 Qxd4 16. Qxd4 Bxd4 17. Rxd4 {0-1 (41) Kashlinskaya,A (2494)-Kuzubov,Y (2643) chess.com INT 2020}) 11... O-O 12. h4 a5 13. Ne5 Qe7 14. Qc2 Rd8 15. Rad1 Bd7 {...a4 is the strong threat.} 16. a3 a4 17. Ba2 Bxe5 18. fxe5 Bc6 19. Qe2 Bd5 (19... h5 $11) 20. Bxd5 $1 $14 exd5 21. f4 f5 22. Rf2 ({White should play} 22. h5 $1 $16) 22... h5 $11 23. Qb5 Ra6 24. Na2 c6 25. Qb4 Kf8 26. Rc2 Nc4 27. Rxc4 dxc4 28. Qxc4 Qf7 29. Qb4+ Ke8 (29... Kg7 {is more complex.} 30. Nc3 b5 31. Rd2 Raa8 32. Qc5 Rac8) 30. Nc3 Qb3 31. Qxb3 axb3 {[%mdl 4096] Endgame KRR-KRN} 32. Kf2 b6 33. Ke3 Ra7 34. Rd3 Rad7 (34... Ra5 $11) 35. Ne2 $1 $16 c5 36. Rxb3 cxd4+ 37. Kd3 Rb7 38. Rb4 Rd5 39. a4 Rc5 40. Nxd4 Kd7 {[#]} (40... Rb8 $16 {keeps fighting.}) 41. Nb5 (41. Nb3 $1 $18 {[%cal Rb3c5] has better winning chances.} Rc8 42. Na5) 41... Rc1 42. Nd6 (42. Nc3 $16) 42... Rbc7 $1 $11 43. Nc4 Rg1 $2 (43... Rc5 $1 $14) 44. Rxb6 $18 Rxg3+ 45. Kd4 Rg4 46. Kd5 Rxf4 {[#]} 47. b3 (47. e6+ $1 $16 Kd8 48. Ne5 Rxa4 49. Nxg6) 47... Rf1 $1 $11 {[%cal Rf1d1] The position is equal.} 48. Rd6+ Ke7 49. Re6+ Kd7 50. Rd6+ Ke7 {( -> ...Rd1+)} 51. Re6+ Kd7 {Accuracy: White = 77%, Black = 79%.} 1/2-1/2

[Event "DMP Ekstraliga 2020"]
[Site "Krakow"]
[Date "2020.09.03"]
[Round "9.24"]
[White "Worek, Joanna"]
[Black "Socko, Monika"]
[Result "1-0"]
[WhiteElo "2326"]
[BlackElo "2428"]
[Annotator "TA"]
[PlyCount "176"]
[EventDate "2020.08.26"]
[EventType "team-tourn"]
[EventCountry "POL"]
[SourceTitle "playchess.com"]
[Source "ChessBase"]
[SourceQuality "1"]
[WhiteTeam "Silesia Raciborz"]
[BlackTeam "HETMAN Katowice"]

{[%evp 9,176,27,31,22,28,14,1,5,6,0,10,0,0,0,0,-12,0,0,10,-3,0,0,0,0,0,-8,0,-17,-14,-8,-8,-6,0,0,9,-35,0,0,0,-37,-16,-95,-4,-135,-128,-137,-116,-125,-102,-104,-92,-178,-188,-184,-117,-120,-127,-126,-117,-119,-109,-106,-102,-265,-275,-268,-262,-237,-161,-160,-140,-160,-164,-143,-111,-229,-214,-190,-122,-168,-168,-143,-115,-88,-69,-45,-43,-37,-48,-289,-299,-387,-260,-225,-323,-312,-283,-1207,-793,-11892,-12307,-10556,-12298,-7168,-12774,-10931,-6597,-5573,-5269,-12298,-5236,-10397,-9242,-12075,-11087,-9413,-9179,-12799,-11456,-5620,-5284,-29975,-29976,-29974,-29975,-29975,-29974,-29974,-29975,-29975,-29976,-29976,-29977,-29978,-29977,-29981,-29982,-29982,-29983,-29986,-29984,-29987,-29987,-29987,-29988,-29989,-29987,-29988,-29989,-29989,-29987,-29987,-29988,-29988,-29989,-29989,-29988,-29988,-29986,-29986,-29984,-29989,-29990,-29990,-29991,-29992,-29991,-29996,-29997]} 1. e4 c6 2. d4 d5 3. exd5 cxd5 4. Bd3 Nc6 5. c3 g6 6. Bf4 {B13: Caro-Kann: Exchange Variation and Panov-Botvinnik Attack.} Bh6 7. Bxh6 Nxh6 8. Qd2 {The position is equal.} Bf5 {[#]} 9. Nf3 $146 ({Predecessor:} 9. Bb5 Ng4 10. Ne2 Qd6 11. Na3 Nf6 12. f3 a6 13. Bxc6+ bxc6 14. g4 Bd7 15. Qe3 {½-½ (55) Hosseinipour,M (2257)-Bashirinia,O (2037) Hamadan 2012}) 9... Qb6 {Black wants to play ...Bxd3.} 10. Bxf5 Nxf5 11. O-O O-O 12. Na3 Nd6 13. Rfe1 Ne4 14. Qe2 Rad8 15. Rab1 Qa5 16. Qd3 Rfe8 17. Rbd1 a6 18. h4 h5 19. Ne5 Nxe5 20. dxe5 Qb6 21. Re2 Kg7 22. Qb1 f6 (22... Ng3 $5 {[%cal Rg3e2]} 23. Ree1 Nf5 $15) 23. c4 e6 $36 {[%mdl 2048] Black is more active.} 24. exf6+ Nxf6 25. Rd3 (25. b4 $11) 25... Qc7 (25... d4 $17 26. Qe1 Qc7) 26. Rg3 (26. cxd5 $11 {remains equal.} exd5 27. Qc2) 26... Ng4 $17 27. Qe1 dxc4 28. Nc2 Rd3 29. Ne3 Red8 {White must now prevent ...Nxe3.} 30. Nf1 (30. Nxg4 $17 {was called for.} Rd1 31. Ne5) 30... e5 $19 31. Rxg4 hxg4 (31... Rd1 $19 32. Qc3 hxg4 33. Rxe5 Kf7) 32. Rxe5 $17 {Strongly threatening Re7+.} R8d7 {aiming for ...g3!} 33. Qe4 {Threatens to win with Re6.} R3d4 34. Qe3 {[#]} c3 $1 35. bxc3 Rd1 {Hoping for ...Qc4.} 36. Re4 $2 {[#]} (36. Re6 $17 {keeps fighting.} Qc4 37. Qe5+ Kh7 38. Re7+ Rxe7 39. Qxe7+ Kg8 40. Qe8+ Kg7 41. Qe7+ Kg8 42. Qe8+ Kg7 43. Qe7+ Kg8) 36... g3 $1 $19 {[%cal Rg3f2][%mdl 512]} 37. fxg3 (37. Qxg3 Qxg3) 37... Rf7 38. Rf4 Qc4 39. Qe5+ {[#]} Kh7 $1 {[%mdl 512]} 40. Rxf7+ (40. Rxc4 $2 {gets mated.} Rfxf1+ 41. Kh2 Rh1#) 40... Qxf7 $17 {[%mdl 4096] Endgame KQR-KQN} 41. Qe2 Rc1 42. g4 (42. h5 $17) 42... Rxc3 $19 43. h5 Qc7 (43... Rc1 $19 44. hxg6+ Kxg6) 44. Qe6 Rc6 45. Qe4 Qd6 46. Ne3 Rc1+ 47. Kf2 Qf6+ 48. Kg3 $1 Rc3 49. Qxb7+ $2 {[#] White is on the road to losing.} (49. hxg6+ $15 Kh6 50. Qe8 {[%mdl 64] Decoy}) 49... Kh6 $1 {[%mdl 512]} 50. Qe4 gxh5 51. gxh5 Kxh5 52. Qg4+ Kh6 53. Qe2 $2 (53. Qe4) 53... Qg5+ 54. Kf3 Qf5+ 55. Kg3 Kg5 {( -> ...Qf4+)} 56. Qf3 Qxf3+ 57. Kxf3 {KR-KN} Ra3 58. Ke4 Rxa2 59. Kd4 Rb2 60. Nc4 Rb8 61. Kc3 Kf4 62. Na5 Kg3 63. Nb3 Kxg2 64. Kb2 Kf3 65. Ka3 Ke4 {Black mates.} 66. Ka4 Kd5 67. Na5 Rb5 68. Nb3 Kc4 69. Na5+ Kc5 70. Nb3+ Kb6 71. Nd4 Rh5 72. Nb3 Rh4+ 73. Ka3 Kb5 74. Nc1 a5 {[%cal Ba6a5,Ba5a4,Ba4a3][%mdl 32]} 75. Na2 Rh3+ 76. Kb2 Kc4 77. Nc1 a4 78. Na2 a3+ 79. Kb1 Rh1+ 80. Kc2 Rh2+ 81. Kb1 Kd3 82. Nb4+ Kc3 83. Na2+ Kd2 84. Nb4 Kd1 85. Ka1 Rb2 86. Nd3 {[#]} Kc2 $1 87. Ne1+ Kb3 88. Nd3 Rc2 {[%mdl 32768] Accuracy: White = 63%, Black = 85%. . Loss on time!?} 1-0

[Event "DMP Ekstraliga 2020"]
[Site "Krakow"]
[Date "2020.09.03"]
[Round "9.25"]
[White "Antoniewski, Rafal"]
[Black "Bartel, Mateusz"]
[Result "1/2-1/2"]
[WhiteElo "2490"]
[BlackElo "2643"]
[Annotator "TA"]
[PlyCount "24"]
[EventDate "2020.08.26"]
[EventType "team-tourn"]
[EventCountry "POL"]
[SourceTitle "playchess.com"]
[Source "ChessBase"]
[SourceQuality "1"]
[WhiteTeam "Wrzos Miedzyborow"]
[BlackTeam "Polonia Wroclaw"]

{[%evp 9,24,11,15,15,18,17,32,20,37,22,139,123,81,58,54,43,52]} 1. d4 d5 2. c4 e6 3. Nc3 Nf6 4. Nf3 Nbd7 5. Qc2 dxc4 6. e4 {D37: Queen's Gambit Declined: 5 Bf4.} c5 7. dxc5 Bxc5 8. Bxc4 Ng4 $5 {[%mdl 4] A promising side line.} 9. O-O {[#]} Qc7 $146 (9... O-O $11 {remains equal.}) ({Predecessor:} 9... a6 10. Bf4 Qf6 11. Qd2 Nge5 12. Nxe5 Nxe5 13. Be2 O-O 14. Bg5 Qg6 15. Be3 Bxe3 16. Qxe3 {½-½ (26) Gulko,B (2615)-Ivanov,I (2480) New York 1994}) 10. Nb5 $16 Qb8 11. Qc3 O-O 12. h3 Nge5 1/2-1/2

[Event "DMP Ekstraliga 2020"]
[Site "Krakow"]
[Date "2020.09.03"]
[Round "9.26"]
[White "Gumularz, Szymon"]
[Black "Cyborowski, Lukasz"]
[Result "1/2-1/2"]
[WhiteElo "2506"]
[BlackElo "2508"]
[Annotator "TA"]
[PlyCount "36"]
[EventDate "2020.08.26"]
[EventType "team-tourn"]
[EventCountry "POL"]
[SourceTitle "playchess.com"]
[Source "ChessBase"]
[SourceQuality "1"]
[WhiteTeam "Polonia Wroclaw"]
[BlackTeam "Wrzos Miedzyborow"]

{[%evp 10,23,30,22,17,21,15,37,27,8,29,-7,41,19,31,-5]} 1. e4 c5 2. Nf3 Nc6 3. Bb5 g6 4. O-O Bg7 5. Nc3 d6 6. e5 (6. d4 {is interesting.} cxd4 7. Nxd4 Bd7 8. Be3 Nf6 9. Be2) 6... dxe5 {B31: Sicilian: 2...Nc6 3 Bb5 g6.} 7. Bxc6+ bxc6 8. Re1 f6 9. b3 Nh6 10. Ba3 Nf7 11. Bxc5 f5 12. d4 {[#] A rather calm draw.} {Predecessor:} e4 $146 13. Nd2 O-O 14. Kh1 e5 15. Bxf8 Kxf8 16. Ndxe4 exd4 17. Nc5 dxc3 18. Qe2 Be5 {½-½ (25) Perunovic,M (2612)-Pilaj,H (2354) Austria 2018} 1/2-1/2

[Event "DMP Ekstraliga 2020"]
[Site "Krakow"]
[Date "2020.09.03"]
[Round "9.27"]
[White "Nurkiewicz, Maciej"]
[Black "Tazbir, Marcin"]
[Result "1/2-1/2"]
[WhiteElo "2326"]
[BlackElo "2510"]
[Annotator "TA"]
[PlyCount "36"]
[EventDate "2020.08.26"]
[EventType "team-tourn"]
[EventCountry "POL"]
[SourceTitle "playchess.com"]
[Source "ChessBase"]
[SourceQuality "1"]
[WhiteTeam "Wrzos Miedzyborow"]
[BlackTeam "Polonia Wroclaw"]

{[%evp 13,14,8,19]} 1. d4 d5 2. c4 dxc4 3. e3 Nf6 4. Bxc4 a6 5. Nf3 e6 6. O-O c5 7. Bb3 Be7 {[#]} {Predecessor:} 8. Nc3 $146 {D29: Queen's Gambit Accepted: Classical main line: 7 Qe2 with early ...Nbd7.} b5 9. Qe2 Nbd7 10. Rd1 Bb7 11. e4 c4 12. Bc2 Qb6 13. e5 Nd5 14. Bg5 Nxc3 15. bxc3 Qd8 16. Be4 Bxe4 17. Qxe4 O-O 18. h4 Nb6 {½-½ (39) Mamedyarov,S (2791)-Eljanov,P (2720) Heraklion 2017} 1/2-1/2

[Event "DMP Ekstraliga 2020"]
[Site "Krakow"]
[Date "2020.09.03"]
[Round "9.28"]
[White "Wieczorek, Oskar"]
[Black "Bartel, Michal"]
[Result "1/2-1/2"]
[WhiteElo "2493"]
[BlackElo "2274"]
[Annotator "TA"]
[PlyCount "45"]
[EventDate "2020.08.26"]
[EventType "team-tourn"]
[EventCountry "POL"]
[SourceTitle "playchess.com"]
[Source "ChessBase"]
[SourceQuality "1"]
[WhiteTeam "Polonia Wroclaw"]
[BlackTeam "Wrzos Miedzyborow"]

{[%evp 9,45,23,33,12,20,10,46,0,33,38,49,47,33,31,47,43,69,46,59,49,36,40,42,10,15,0,0,0,0,0,18,0,0,0,0,0,-7,-23]} 1. e4 e5 2. Nf3 Nc6 3. Bc4 Nf6 4. d3 h6 5. O-O d6 6. d4 {C55: Two Knights: 4 d3, 4 d4 exd4 5 e5 and Max Lange Attack.} Bg4 7. c3 {[#]} Qd7 $146 ({Predecessor:} 7... Be7 8. d5 Nb8 9. Nbd2 O-O 10. h3 Bc8 11. Re1 Nh7 12. b4 a5 13. a4 Nd7 {0-1 (30) Kogan,A (2567)-Mastrovasilis,A (2547) playchess.com INT 2006}) 8. Re1 {White is slightly better.} Bxf3 9. Qxf3 exd4 10. Bb5 dxc3 11. Nxc3 Be7 12. Nd5 {[%mdl 1024] White has compensation.} Kf8 13. Bf4 Re8 14. Rad1 a6 15. Ba4 b5 16. Bb3 {[#] And now e5 would win.} Nxd5 {The position is equal.} 17. Bxd5 {Threatens to win with e5.} Bf6 18. Qa3 g5 19. Bd2 ({Avoid the trap} 19. Qxa6 $2 Nb4 $19) 19... Ne5 20. Qxa6 c6 21. Bb3 Nd3 22. Re3 Nc5 {[%mdl 64] [#] Double Attack} 23. Qa5 {Accuracy: White = 88%, Black = 81%.} (23. Qa3 $5 {[%cal Rd2b4]} Kg7 24. Bc2 $11) 1/2-1/2

[Event "DMP Ekstraliga 2020"]
[Site "Krakow"]
[Date "2020.09.03"]
[Round "9.29"]
[White "Sliwerski, Radoslaw"]
[Black "Stachowiak, Kamil"]
[Result "0-1"]
[WhiteElo "2042"]
[BlackElo "2461"]
[Annotator "TA"]
[PlyCount "74"]
[EventDate "2020.08.26"]
[EventType "team-tourn"]
[EventCountry "POL"]
[SourceTitle "playchess.com"]
[Source "ChessBase"]
[SourceQuality "1"]
[WhiteTeam "Wrzos Miedzyborow"]
[BlackTeam "Polonia Wroclaw"]
[BlackTeamCountry "POL"]

{[%evp 17,74,58,70,57,57,0,4,0,1,0,0,0,0,0,0,0,0,0,0,0,-2,-16,0,0,0,0,0,0,0,0,0,-214,-221,-214,-221,-221,-218,-218,-218,-223,-217,-686,-679,-679,-672,-747,-747,-747,-741,-731,-698,-4814,-4814,-6185,-5826,-29982,-29983,-29983,-29984]} 1. d4 c5 2. d5 Nf6 3. Nc3 g6 4. e4 d6 5. Nf3 Bg7 6. Bb5+ Nbd7 7. a4 O-O 8. O-O a6 9. Be2 b6 10. Bf4 {A43: Schmid Benoni.} Rb8 11. Qd2 (11. Bd3 $14) 11... b5 $1 $11 {[%cal Rb5b4]} 12. axb5 {The position is equal.} axb5 {[#]} 13. e5 $146 ({Predecessor:} 13. Nxb5 Nxe4 14. Qc1 Nb6 15. c4 Bd7 16. Qe3 Bxb5 17. Qxe4 Bd7 18. b3 Bf5 19. Qe3 Re8 20. Rae1 Nd7 21. Bd1 {½-½ (20) Ivanov,M (2408)-Velickovski Nejkovic,M (2061) Nis 2015}) 13... dxe5 14. Nxe5 Nxe5 15. Bxe5 Ne4 16. Qf4 Nxc3 17. bxc3 Bxe5 18. Qxe5 Bf5 19. Ra7 Bxc2 20. Rxe7 b4 $36 {[%mdl 2048] Black is pushing.} 21. cxb4 cxb4 {White must now prevent ...b3.} 22. d6 {Bc4 is the strong threat.} b3 {aiming for ...b2.} 23. Bc4 {Hoping for Qf6.} b2 $1 {[%cal Rb2b1]} 24. Qf6 $2 (24. d7 $1 $11 {and White stays safe.} b1=Q 25. Bxf7+ $1 {[%mdl 512]} Rxf7 26. Re8+ {[%mdl 64] Double Attack} Rf8 27. Rxd8 Qxf1+ 28. Kxf1 Rbxd8 29. Qe6+ Rf7 30. Qe8+ {[%mdl 64] Double Attack} Rf8 31. Qe6+ Rf7 32. Qe8+ {[%mdl 64] Double Attack} Rf8 33. Qe6+) 24... Bb3 $19 25. Bxb3 Rxb3 26. Rb1 {[#]} Rb6 $1 {[%cal Rb6d6]} 27. Qc3 Qxd6 28. Re2 {[#]} Rfb8 $1 29. h4 $2 (29. g3 Rb3 30. Re8+ Rxe8 31. Qxb3) 29... Rc6 30. Qe1 Qc7 31. Rd2 Rc1 32. Rd1 Rxb1 33. Rxb1 Qc2 34. g3 h5 35. Kg2 Rd8 36. Kh2 {[#]} Rd2 $1 37. Qe8+ {[#]} Kg7 $1 {Black took control after the opening. Accuracy: White = 50%, Black = 100%.} 0-1

[Event "DMP Ekstraliga 2020"]
[Site "Krakow"]
[Date "2020.09.03"]
[Round "9.30"]
[White "Zawadzka, Jolanta"]
[Black "Kulon, Klaudia"]
[Result "1/2-1/2"]
[WhiteElo "2419"]
[BlackElo "2336"]
[Annotator "TA"]
[PlyCount "91"]
[EventDate "2020.08.26"]
[EventType "team-tourn"]
[EventCountry "POL"]
[SourceTitle "playchess.com"]
[Source "ChessBase"]
[SourceQuality "1"]
[WhiteTeam "Polonia Wroclaw"]
[BlackTeam "Wrzos Miedzyborow"]

{[%evp 9,91,43,34,41,55,49,52,31,37,34,59,26,33,43,38,31,27,30,45,44,51,42,58,62,81,69,97,64,102,76,116,58,53,32,22,0,56,0,0,0,0,-26,-18,-22,47,0,0,0,0,0,5,0,0,-6,12,0,10,7,42,50,58,0,55,10,73,49,50,56,76,76,85,76,79,0,94,73,84,51,43,0,101,101,102,0]} 1. e4 d5 2. exd5 Qxd5 3. Nc3 Qd8 4. d4 Nf6 5. Bc4 g6 6. Nf3 {B01: Scandinavian Defence.} Bg7 7. O-O O-O 8. h3 {White is slightly better.} Nc6 9. Re1 e6 10. Bf4 a6 11. a4 b6 12. Qd2 Bb7 13. Rad1 Ne7 14. Ne5 Ned5 15. Nxd5 Nxd5 {[#]} 16. Bg3 $146 ({Predecessor:} 16. Bh6 Re8 17. Bxg7 Kxg7 18. Ng4 h5 19. Qh6+ Kg8 20. Ne3 Qf6 21. Nxd5 exd5 22. Bd3 {½-½ (65) Raja,H (2434)-Banusz,T (2626) Benasque 2019}) 16... h6 17. Qe2 Kh7 18. Ba2 Qe8 19. c4 Nb4 20. Bb3 ({White should play} 20. Bb1 $16) 20... Rd8 21. Qe3 a5 22. h4 Qe7 (22... h5 $1 $11) 23. Rd2 (23. h5 $14) 23... f5 24. h5 gxh5 25. Bd1 (25. d5 $5) 25... h4 26. Bf4 Rg8 (26... Be4 $1 $11) 27. Bf3 (27. d5 $5) 27... Bxe5 $1 28. Bxe5 Bxf3 29. Qxf3 Rg6 30. Kh2 Rdg8 31. Rg1 c6 32. Re2 Qd7 33. Qe3 Rd8 34. f3 {[%mdl 1024] White has compensation.} Qb7 35. b3 (35. Rge1 $14) 35... Rd7 (35... c5 $1 $11) 36. Rge1 Qc8 (36... c5 $1 $11) 37. Rd2 Qd8 38. Red1 Qg5 {[#]} 39. Bf4 $1 {[%cal Rf4g5]} Qd8 40. Qe5 Qg8 41. Qe3 Qd8 $1 42. Kh3 Rdg7 43. Be5 Rd7 44. Qf2 Qe8 (44... Qg5 $1 $11) 45. Bf4 $16 ({Much worse is} 45. Qxh4 $6 Rg5 $11) 45... Qd8 46. Be5 {Accuracy: White = 73%, Black = 71%.} (46. Qxh4 $16 Qxh4+ 47. Kxh4) 1/2-1/2